| 000 | 00692nam a22001937a 4500 | ||
|---|---|---|---|
| 005 | 20240411144333.0 | ||
| 008 | 220520b ||||| |||| 00| 0 eng d | ||
| 020 | _a8181433599 | ||
| 040 | _cAL | ||
| 041 | _aHindi | ||
| 082 |
_223 _a320.954H _bTANA |
||
| 100 |
_aBishan Tandon बिशन टंडन _9159679 |
||
| 245 |
_aAapatkal: Ek Diary Part- Two आपातकाल: एक डायरी भाग ೨ _b16 अगस्त 1975 से 24 जुलाई 1976 |
||
| 260 |
_aDelhi _bVani Prakshana _c2005 |
||
| 300 |
_a518 p. _bHB _c22x14 cm. |
||
| 365 |
_b₹500.00 _c₹ _d₹500.00 |
||
| 700 |
_aTandon ( Bishan) टंडन (बिशन ) _938328 |
||
| 942 |
_2ddc _cGF |
||
| 999 |
_c223045 _d223045 |
||